Development macroeconomics / (Record no. 407)

MARC details
000 -LEADER
fixed length control field 00840nam a22001817a 4500
008 - FIXED-LENGTH DATA ELEMENTS--GENERAL INFORMATION
fixed length control field 111215t xxu||||| |||| 00| 0 eng d
020 ## - INTERNATIONAL STANDARD BOOK NUMBER
International Standard Book Number 0691034133
050 ## - LIBRARY OF CONGRESS CALL NUMBER
Classification number HC59.7.A7422
100 ## - MAIN ENTRY--PERSONAL NAME
Personal name Agenor, Pierre-Richard
245 ## - TITLE STATEMENT
Title Development macroeconomics /
Statement of responsibility, etc. Pierre-Richard Agenor and Peter J. Montiel
260 ## - PUBLICATION, DISTRIBUTION, ETC.
Place of publication, distribution, etc. New York:
Name of publisher, distributor, etc. Princeton University Press,
Date of publication, distribution, etc. c1996.
300 ## - PHYSICAL DESCRIPTION
Extent xvi, 679 p.
Other physical details ill.
Dimensions 24cm.
500 ## - GENERAL NOTE
General note Includes bibliographical references and index.
505 ## - FORMATTED CONTENTS NOTE
Formatted contents note Contents: Introduction and overview -- Macroeconomic relationships and market structure -- The Short-run macroeconomic policies -- Analysis of stabilization programs -- Growth, debt, and structural reforms -- Endogenous growth, political economy, and labor markets -- Epilogue.
650 ## - SUBJECT ADDED ENTRY--TOPICAL TERM
Topical term or geographic name entry element Macroeconomics.
700 ## - ADDED ENTRY--PERSONAL NAME
Personal name Montiel, Peter J.
942 ## - ADDED ENTRY ELEMENTS (KOHA)
Source of classification or shelving scheme Library of Congress Classification
Koha item type Books
Holdings
Withdrawn status Lost status Source of classification or shelving scheme Damaged status Not for loan Home library Current library Shelving location Date acquired Total Checkouts Full call number Barcode Date last seen Price effective from Koha item type
    Library of Congress Classification     WISCONSIN INTERNATIONAL UNIVERSITY COLLEGE, GHANA - MAIN LIBRARY WISCONSIN INTERNATIONAL UNIVERSITY COLLEGE, GHANA - MAIN LIBRARY General Stacks 15/12/2011   HC59.7.A7422 1036/11 15/12/2011 15/12/2011 Books

If you have any concerns or questions; kindly contact the library


© Powered by WIUC ICT DIRECTORATE